000 01078pam a2200289 a 4500
999 _c7513
_d7513
001 7513
003 BD-JhCC
005 20180211110731.0
008 930520r19941985nyua j 000 1 eng
020 _a068971792X :
_c$4.95 ($6.50 Can.)
035 _a(BD-JhCC)7513
040 _aDLC
_cDLC
_dDLC
_dBD-JhCC
041 _aeng
050 0 0 _aPZ7.L9954
_bFat 1994
082 0 0 _a[E]
_220
_bLYO 1985
100 1 _aLyon, George Ella,
_d1949-
245 1 0 _aFather Time and the day boxes /
_cstory by George Ella Lyon ; pictures by Robert Andrew Parker.
250 _a1st Aladdin Books ed.
260 _aNew York :
_bAladdin Books ;
_aToronto :
_bMaxwell Macmillan Canada ;
_aNew York :
_bMaxwell Macmillan International,
_c1994.
300 _a1 v. (unpaged) :
_bcol. ill. ;
_c28 cm.
520 _aText and illustrations describe how each day comes to us as Father Time tosses down one of the 365 packets he keeps safe in his vault in the clouds.
650 1 _aTime
_xFiction.
650 1 _aDay
_xFiction.
700 1 _aParker, Robert Andrew,
942 _2ddc
_cBK